|
|
|
|
| LEADER |
00891nam a2200241 u 4500 |
| 001 |
10020160 |
| 003 |
upatras |
| 005 |
20160425002914.0 |
| 008 |
881025s1989 ne eng |
| 040 |
|
|
|a GR-PaULI
|c GR-PaULI
|
| 041 |
0 |
|
|a eng
|
| 082 |
0 |
4 |
|a 510
|
| 100 |
1 |
|
|a Doorn, Van M.G.M.
|9 144051
|
| 245 |
1 |
0 |
|a A supplement to the monodromy theorem
|c εισαγωγή Κώστας Φωτεινός; ανάγνωση Μαρία Φωτεινού
|
| 260 |
|
|
|a Nijmegen
|b Catholic University of Nijmegen
|c 1989
|
| 300 |
|
|
|a 12 p.
|c 21 cm
|
| 490 |
0 |
|
|a Report 8903, February 1989 / Department of Mathematics Catholic University
|v 8903
|
| 700 |
1 |
|
|a Steenbrink, J. H. M.
|9 105428
|
| 760 |
1 |
|
|a Report
|g 8903
|
| 852 |
|
|
|a GR-PaULI
|b ΠΑΤΡΑ
|h 510 D
|t 1
|
| 942 |
|
|
|2 ddc
|
| 952 |
|
|
|0 0
|1 0
|4 0
|6 510_000000000000000_D
|7 0
|9 178531
|d 2016-04-24
|l 0
|o 510 D
|r 2016-04-24 00:00:00
|t 1
|w 2016-04-24
|
| 999 |
|
|
|c 110713
|d 110713
|